| 000 | 01279aam a2200289 a 4500 | ||
|---|---|---|---|
| 003 | BLK | ||
| 005 | 20250801135244.0 | ||
| 008 | 180727b bul||||| |||| 00| 0 bul d | ||
| 020 | _a9789547714021 | ||
| 040 | _aBLK | ||
| 041 |
_aBUL _cBUL |
||
| 080 |
_aИталианска литература _b821.131.1 _x-31 _z821.131.1-31 |
||
| 084 | _aГ 18 | ||
| 100 |
_aГалдино, Диего _91299 |
||
| 245 |
_aВечерно кафе в Рим _bроман _cДиего Галдино, прев. от итал. Теодора Голиванова. |
||
| 257 | _aITA | ||
| 260 |
_aСофия _bКръгозор _c2018 _fСофия : Алианс принт |
||
| 300 |
_a256 с. _c21 см |
||
| 380 | _aX | ||
| 500 | _aОриг. загл.: L'ultimo caffe della sera / Diego Galdino. - Биогр. данни за авт. отбелязани на гърба на кор. - Кн. е продълж. на Сутрешно кафе в Рим | ||
| 700 |
_91071 _aГоливанова, Теодора Любомирова _eпрев. от итал. |
||
| 852 |
_aЦб 322851 _bЦб |
||
| 942 |
_cKNG _2udc _n0 _s1 _030 |
||
| 944 |
_aCR _c2024-06-03 _k30575 _lМартин Енчев |
||
| 999 |
_c323572 _d323572 |
||
| 999 | _d323572 | ||